• 首页
  • 本馆介绍
  • 公告通知
  • 最新文献
  • 馆藏检索
  • 电子资源
  • 读者导购
  • 参考咨询
  • 我的图书馆
  • 登录
  • 详细信息显示
  • 放入我的书架
  • 预约/预借图书
  • 作者相关作品
  • 分类相关作品
  • 丛书相关作品
  • 出版社相关作品

书目信息

  • 表格格式
  • 工作单格式
  • 卡片格式
题名:
社区社会工作
    
 
作者: 周沛 著
分册:  
出版信息: 北京   社会科学文献出版社  2002
页数: 328页
开本: 21cm
丛书名: 社会工作丛书
单 册:
中图分类: C912.8
科图分类:
主题词: 社区--社会工作 , CT--S065594--社区 , CT--S065454--社会工作
电子资源:
ISBN: 7-80149-737-6
000 00921nam0 2200289 45
001 012002061509
005 20031219104108.0
010    @a7-80149-737-6@dCNY20.00
100    @a20020805d2002 kemy0chiy0110 ea
101 0  @achi
102    @aCN@b110000
105    @ay z 000yy
106    @ar
200 1  @a社区社会工作@9she qu she hui gong zuo@f周沛著
210    @a北京@c社会科学文献出版社@d2002
215    @a328页@d21cm
225 2  @a社会工作丛书
330    @a本书从纵横两方面追溯了社区工作的思想渊源、理论基础、价值体系,从理论和实践两个层面介绍了社区研究、社区建设、社区发展、社区服务的意义和基本原则等。
461  0 @12001 @a社会工作丛书
510 1  @aSocial Work of Community@zeng
606 0  @a社区@x社会工作
606 0  @2CT@3S065594@a社区
606 0  @2CT@3S065454@a社会工作
690    @aC912.8@v4
701  0 @a周沛@9zhou pei@4著
801    @aCN@bTSTC@c20030325
905    @b321459-461@dC912.8@e296@f3
    
    社区社会工作/周沛著.-北京:社会科学文献出版社,2002
    328页;21cm.-(社会工作丛书)
    
    
    ISBN 7-80149-737-6:CNY20.00
    本书从纵横两方面追溯了社区工作的思想渊源、理论基础、价值体系,从理论和实践两个层面介绍了社区研究、社区建设、社区发展、社区服务的意义和基本原则等。
●
相关链接 在E读中查询图书 在五车中查询图书 在当当中查询图书 在豆瓣中查询图书


正题名:社区社会工作     索取号:C912.8/296         预约/预借

序号 登录号 条形码 馆藏地/架位号 状态 备注
1 0321459   203214592   第一借阅区/ [索取号:C912.8/296] 在馆    
2 0321460   203214609   第一借阅区/ [索取号:C912.8/296] 在馆    
3 0321461   203214618   第一样本阅览室/ [索取号:C912.8/296] 在馆    
唐山师范学院图书馆 欢迎您!
大连网信软件有限公司© 版权所有